Ingeniería de herramientas

Saved in:
Bibliografiske detaljer
Hovedforfatter: Montaner Anglada, Manuel (autor)
Format: Bog
Sprog:spansk
Udgivet: Barcelona Ariel 1966
Fag:
Tags: Tilføj Tag
Ingen Tags, Vær først til at tagge denne postø!

MARC

LEADER 00000nam a2200000 a 4500
001 UCP1785
003 CL-VaPUC
008 990426e19660000SP |||||||||||||||||spa|d
082 0 4 |a 621.9  |b MON  |2 21 
100 |a Montaner Anglada, Manuel  |e autor  |9 428043 
245 1 0 |a Ingeniería de herramientas 
300 |a 365 p 
942 |c BK 
945 |d 19990426 00:00:00  |a cmena 
260 |a Barcelona  |b Ariel  |c 1966 
650 0 |a Máquinas herramientas  |9 262583 
650 7 |a HERRAMIENTAS  |2 CL-VaPUC  |9 263987 
650 0 |a Diseño de máquinas   |9 271533 
650 7 |a TRABAJADO DE METALES  |2 CL-VaPUC  |9 344423 
650 0 |a Virutas  |9 428022 
650 7 |a TORNOS  |2 CL-VaPUC  |9 428044 
650 7 |a FRESADORAS  |2 CL-VaPUC  |9 267305 
650 7 |a BROCAS  |2 CL-VaPUC  |9 387975 
650 7 |a TALADROS  |2 CL-VaPUC  |9 271531 
650 0 |a Engranajes   |9 271783 
650 7 |a ELEMENTOS DE MAQUINAS  |2 CL-VaPUC  |9 428045 
583 |a last modification  |c 19990426 00:00:00  |k Rodrigo Vera 
999 |c 280423  |d 280421 
952 |0 0  |1 0  |4 0  |6 621_900000000000000_MON_1966  |7 0  |8 A  |9 320716  |a BIBMEC  |b BIBMEC  |d 2019-11-20  |i 1342258  |o 621.9 MON 1966  |p 1342258  |r 2024-01-19  |w 2019-11-20  |y BK  |k MEC